Russia's Invasion of Ukraine: Assessment of the Humanitarian, Economic and Financial Impact in the Short and Medium Term

Na minha lista:
Detalhes bibliográficos
Autor principal: Astrov, Vasily
Outros Autores: Ghodsi, Mahdi, Grieveson, Richard
Formato: Livro
Idioma:inglês
Publicado em: Vienna The Vienna Institute for International Economic Studies 2022
Assuntos:
Tags: Adicionar Tag
Sem tags, seja o primeiro a adicionar uma tag!

MARC

LEADER 00000nlm a2200000 4500
001 0292011
005 20240416114206.2
041 0 |a eng 
044 |a AT 
245 1 0 |a Russia's Invasion of Ukraine: Assessment of the Humanitarian, Economic and Financial Impact in the Short and Medium Term  |c Vasily Astrov ... [et al.] 
264 1 |a Vienna  |b The Vienna Institute for International Economic Studies  |c 2022 
300 |a 67 s. 
610 2 0 |a konflikty medzinárodné 
610 2 0 |a vojny 
610 2 0 |a politika medzinárodná 
610 2 0 |a sankcie 
610 2 0 |a energia 
610 2 0 |a ropa 
610 2 0 |a plyn zemný 
610 2 0 |a Európska únia 
610 2 0 |a Rusko 
610 2 0 |a Ukrajina 
100 1 |a Astrov, Vasily 
700 1 |a Ghodsi, Mahdi 
700 1 |a Grieveson, Richard